000 00436nam a2200145Ia 4500
008 100204s9999 xx 000 0 und d
082 _b2479
100 _aअभ्यंकर कुसुम
245 _aकठपुतली
260 _b"दिपज्योती प्रकाशन , पुणे"
_c1973
300 _a260
630 _aकठपुतली
730 _aकठपुतली
942 _cBOOK
999 _c447560
_d447557